000 00455cam a22001934a 4500
005 20250605164316.0
008 250528s ||||||||||||||||||||||||d
035 _a22720
020 _a9780198524120
040 _aGR-AtMCL
_bgre
_dGR-AtMCL
_eAACR2
245 1 _aEYE AND BRAIN
250 _a1
260 _bOxford University Press,
_c1998
300 _a277
700 1 _aGregory Richard L
_97147
942 _cBK
999 _c7765
_d7765